| 000 | 00517nam a2200157 a 4500 | ||
|---|---|---|---|
| 005 | 20140412111235.0 | ||
| 008 | 001115s19uu xx 00 eng d | ||
| 020 | _a0-89187-585-9 | ||
| 050 |
_aTR(GS 421.07 _bWOO L.E |
||
| 100 | _aWoodruff, G. Williard | ||
| 245 |
_aWorking words in spelling, level E / _cG Williard Woodruff, George N. Moore. |
||
| 260 |
_aNorth Billerica, MA : _bCurriculum Ass., Inc, _c1981. |
||
| 300 | _a128 p. | ||
| 650 | _aEnglish language -- spelling -- study and teaching | ||
| 999 |
_c102417 _d102417 |
||